000 00767nam a2200229 i 4500
001 57485
003 ES-MaACL
005 20250815050733.0
007 t|
008 031016s1978 sp ||||1| spa d
100 1 _aDroz, Jacques (
_d1909-1998)
_945673
245 1 0 _aEuropa
_b: restauración y revolución : 1815-1848 /
_cJ. Droz ; [traductor, Ignacio Romero de Solís].
250 _a[3ª ed.].
260 _a[Madrid] :
_bSiglo Veintiuno,
_c[1978]
300 _a317 p. ;
_c18 cm.
490 1 _aHistoria de Europa Siglo XXI
651 4 _aEuropa-
_xHistoria-
_y1815-1848.
_9145412
700 0 _aRomero de Solís, Ignacio.
_999374
830 0 0 _aHistoria de Europa (Siglo XXI)
_9182613
852 _aES-MaACL
_jA-9846
_bR.98226
999 _c57485
_d57485